Normal view
MARC view
- Jones, Dylan
Entry Personal Name
001 - CONTROL NUMBER
- control field: 14077
003 - CONTROL NUMBER IDENTIFIER
- control field: NUST
005 - DATE AND TIME OF LATEST TRANSACTION
- control field: 20190404072055.0
008 - FIXED-LENGTH DATA ELEMENTS
- fixed length control field: 190404|| aca||aabn | a|a d
040 ## - CATALOGING SOURCE
- Original cataloging agency: NUST
- Transcribing agency: NUST
100 ## - HEADING--PERSONAL NAME
- Personal name: Jones, Dylan
670 ## - SOURCE DATA FOUND
- Source citation: Work cat.: (NUST)232902: Jones, Dylan, Rules for the modern man /, 2007
